<?xml version="1.0" encoding="UTF-8"?>
<record
    xmlns:xsi="http://www.w3.org/2001/XMLSchema-instance"
    xsi:schemaLocation="http://www.loc.gov/MARC21/slim http://www.loc.gov/standards/marcxml/schema/MARC21slim.xsd"
    xmlns="http://www.loc.gov/MARC21/slim">

  <leader>00592nam a2200205Ia 4500</leader>
  <controlfield tag="001">1757</controlfield>
  <controlfield tag="003">GE_BSU</controlfield>
  <controlfield tag="008">181216s||||||||xx |||||||||||||| ||und||</controlfield>
  <datafield tag="040" ind1=" " ind2=" ">
    <subfield code="c">GE_BSU</subfield>
  </datafield>
  <datafield tag="080" ind1=" " ind2=" ">
    <subfield code="a">51</subfield>
  </datafield>
  <datafield tag="100" ind1=" " ind2=" ">
    <subfield code="a">&#x427;&#x438;&#x441;&#x442;&#x44F;&#x43A;&#x43E;&#x432;,&#x412;.&#x414;.</subfield>
  </datafield>
  <datafield tag="245" ind1=" " ind2=" ">
    <subfield code="a">&#x421;&#x442;&#x430;&#x440;&#x438;&#x43D;&#x43D;&#x44B;&#x435; &#x437;&#x430;&#x434;&#x430;&#x447;&#x438; &#x43F;&#x43E; &#x44D;&#x43B;&#x435;&#x43C;&#x435;&#x43D;&#x442;&#x430;&#x440;&#x43D;&#x43E;&#x439; &#x43C;&#x430;&#x442;&#x435;&#x43C;&#x430;&#x442;&#x438;&#x43A;&#x435;</subfield>
  </datafield>
  <datafield tag="260" ind1=" " ind2=" ">
    <subfield code="a">&#x41C;&#x438;&#x43D;&#x441;&#x43A;</subfield>
  </datafield>
  <datafield tag="260" ind1=" " ind2=" ">
    <subfield code="b">&#x412;&#x44B;&#x448;&#x435;&#x439;&#x448;&#x430;&#x44F; &#x448;&#x43A;&#x43E;&#x43B;&#x430;</subfield>
  </datafield>
  <datafield tag="260" ind1=" " ind2=" ">
    <subfield code="c">1978</subfield>
  </datafield>
  <datafield tag="300" ind1=" " ind2=" ">
    <subfield code="a">270&#x441;&#x442;&#x440;.  17&#x441;&#x43C;.</subfield>
  </datafield>
  <datafield tag="541" ind1=" " ind2=" ">
    <subfield code="h">6&#x43B;.</subfield>
  </datafield>
  <datafield tag="653" ind1=" " ind2=" ">
    <subfield code="a">&#x421;&#x442;&#x430;&#x440;&#x438;&#x43D;&#x43D;&#x44B;&#x435; &#x437;&#x430;&#x434;&#x430;&#x447;&#x438; &#x43F;&#x43E; &#x44D;&#x43B;&#x435;&#x43C;&#x435;&#x43D;&#x442;&#x430;&#x440;&#x43D;&#x43E;&#x439; &#x43C;&#x430;&#x442;&#x435;&#x43C;&#x430;&#x442;&#x438;&#x43A;&#x435;</subfield>
  </datafield>
  <datafield tag="942" ind1=" " ind2=" ">
    <subfield code="c">BK</subfield>
  </datafield>
  <datafield tag="999" ind1=" " ind2=" ">
    <subfield code="c">35866</subfield>
    <subfield code="d">35866</subfield>
  </datafield>
  <datafield tag="952" ind1=" " ind2=" ">
    <subfield code="0">0</subfield>
    <subfield code="1">0</subfield>
    <subfield code="4">0</subfield>
    <subfield code="7">0</subfield>
    <subfield code="9">34583</subfield>
    <subfield code="d">2018-12-17</subfield>
    <subfield code="p">3636</subfield>
    <subfield code="r">2018-12-17</subfield>
    <subfield code="w">2018-12-17</subfield>
    <subfield code="y">BK</subfield>
    <subfield code="z">&#x10D3;&#x10D0;&#x10E0;&#x10D1;&#x10D0;&#x10D6;&#x10D8;</subfield>
  </datafield>
</record>
